| 000 | 00365cam a22001097a 4500 | ||
|---|---|---|---|
| 008 | 180718b1957 xxu||||| |||| 00| 0 eng d | ||
| 082 | _aWx5413 | ||
| 245 |
_aBihar Rajya transport: progress and development _cby Public Relations Department, Bihar |
||
| 260 |
_aPatna _bPublic Relations Department _c1957 |
||
| 300 | _a16+p. | ||
| 700 | _aBihar. Public Relations Department | ||
| 999 |
_c498489 _d498489 |
||